| 000 | 00827nam a2200229 i 4500 | ||
|---|---|---|---|
| 001 | 82766 | ||
| 003 | ES-MaACL | ||
| 005 | 20250315001900.0 | ||
| 007 | t| | ||
| 008 | 041111s1955 cu 000 sdspa d | ||
| 100 | 1 |
_aIduarte, Andrés. _965052 |
|
| 245 | 1 | 0 |
_aSarmiento, Martí y Rodó / _ctrabajo leído por Andrés Iduarte ; presentado por Emeterio S. Santovenia. |
| 260 |
_aLa Habana : _bAcademia de la Historia de Cuba, _c1955 ( _fImp. El Siglo XX) |
||
| 300 |
_a35 p. ; _c24 cm. |
||
| 600 | 1 | 4 |
_aSarmiento, Domingo Faustino, _d1811-1888 _9103825 |
| 600 | 1 | 4 |
_aRodó, José Enrique _d1871-1917 _998152 |
| 600 | 1 | 4 |
_aMartí, José, _d1853-1895 _977189 |
| 700 | 1 |
_aSantovenia, Emeterio S. _9103543 |
|
| 710 | 2 |
_aAcademia de la Historia de Cuba. _91183 |
|
| 852 |
_aES-MaACL _j1965-F-19 |
||
| 999 |
_c82766 _d82766 |
||